[Event "Clusane op 1st"]
[Site "Clusane"]
[Date "2024.03.01"]
[Round "2"]
[White "Hercegovac, Neven"]
[Black "Sbarra, Marco"]
[Result "1-0"]
[WhiteElo "2301"]
[BlackElo "2185"]
[PlyCount "71"]
[EventDate "2024.02.29"]
[EventType "swiss"]
[EventRounds "7"]
[EventCountry "ITA"]
[SourceTitle "CB11_2024"]
[SourceDate "2024.03.13"]
[SourceVersion "1"]
[SourceVersionDate "2024.03.13"]
[SourceQuality "1"]

1. e4 e5 2. Nf3 Nc6 3. d4 exd4 4. Nxd4 Nf6 5. Nxc6 bxc6 6. e5 Qe7 7. Qe2 Nd5 8. h4 d6 9. c4 Nb6 10. exd6 cxd6 11. Be3 Be6 12. Qc2 Qb7 13. Nd2 Be7 14. h5 d5 15. c5 Nd7 16. 0-0-0 a5 17. Bd4 Bf6 18. Bxf6 gxf6 19. f4 Rb8 20. b3 f5 21. g4 d4 22. Bc4 Qb4 23. Rhe1 0-0 24. Rxe6 fxe6 25. Bxe6+ Kh8 26. Bxd7 fxg4 27. f5 a4 28. Be6 Rb5 29. Ne4 axb3 30. axb3 Ra8 31. Qb2 Rd8 32. Kb1 g3 33. Qg2 Rxc5 34. Nxc5 Qxc5 35. Qxg3 Ra8 36. Rg1 1-0

[Event "Lonigo CIS 54th Serie A1 Girone 2"]
[Site "Lonigo"]
[Date "2023.05.21"]
[Round "4.1"]
[White "Sbarra, Marco"]
[Black "Livaic, Leon"]
[Result "0-1"]
[WhiteElo "2207"]
[BlackElo "2574"]
[PlyCount "76"]
[EventDate "2023.05.19"]
[EventType "team-tourn"]
[EventRounds "5"]
[EventCountry "ITA"]
[SourceTitle "EXT 2024"]
[Source "ChessBase"]
[SourceDate "2023.10.10"]
[SourceVersion "1"]
[SourceVersionDate "2023.10.10"]
[SourceQuality "1"]
[WhiteTeam "Mariano Comense"]
[BlackTeam "Palmanova Palmascacchi Blacks"]
[WhiteTeamCountry "ITA"]
[BlackTeamCountry "ITA"]

1. d4 Nf6 2. c4 g6 3. Nc3 Bg7 4. e4 d6 5. Nf3 0-0 6. Be2 e5 7. d5 a5 8. Bg5 h6 9. Bh4 Na6 10. Nd2 Bd7 11. 0-0 Qe8 12. Rb1 Nh7 13. f3 h5 14. b3 Bh6 15. a3 Be3+ 16. Kh1 Bc5 17. Qc1 f5 18. exf5 gxf5 19. Bf2 b6 20. Na2 Bxf2 21. Rxf2 Nf6 22. b4 axb4 23. axb4 Qg6 24. Nc3 h4 25. Qb2 Qh6 26. Bf1 Ra7 27. Ra1 Rfa8 28. Re1 Be8 29. Bd3 Qf4 30. Bb1 Nb8 31. g3 Qd4 32. Nb3 Qxc4 33. Bxf5 c5 34. Re4 Nxe4 35. Nxe4 Ra2 36. Be6+ Kg7 37. Qxa2 Rxa2 38. Rxa2 Qf1# 0-1

[Event "Lonigo CIS 54th Serie A1 Girone 2"]
[Site "Lonigo"]
[Date "2023.05.20"]
[Round "3.1"]
[White "Moroder, Stefan"]
[Black "Sbarra, Marco"]
[Result "1/2-1/2"]
[WhiteElo "2274"]
[BlackElo "2207"]
[PlyCount "65"]
[EventDate "2023.05.19"]
[EventType "team-tourn"]
[EventRounds "5"]
[EventCountry "ITA"]
[SourceTitle "EXT 2024"]
[Source "ChessBase"]
[SourceDate "2023.10.10"]
[SourceVersion "1"]
[SourceVersionDate "2023.10.10"]
[SourceQuality "1"]
[WhiteTeam "Trento UTS"]
[BlackTeam "Mariano Comense"]
[WhiteTeamCountry "ITA"]
[BlackTeamCountry "ITA"]

1. d4 d5 2. c4 e6 3. Nc3 c5 4. e3 Nf6 5. Nf3 a6 6. a3 dxc4 7. Bxc4 b5 8. Ba2 Bb7 9. 0-0 Nbd7 10. Qe2 Be7 11. Rd1 Qc7 12. e4 b4 13. e5 bxc3 14. exf6 Nxf6 15. bxc3 0-0 16. Bg5 Rac8 17. Rd3 Be4 18. Re3 cxd4 19. Rxe4 Nxe4 20. Qxe4 dxc3 21. Bb1 g6 22. Bc2 Bxg5 23. Nxg5 Rfd8 24. h4 Rd5 25. Re1 Rd2 26. h5 Qa7 27. Re3 Rc5 28. Nf3 Rd8 29. h6 Qc7 30. Ne5 Rd2 31. Nf3 Rd8 32. Ne5 Rd2 33. Nf3 1/2-1/2

[Event "Karlsruhe Grenke op"]
[Site "Karlsruhe"]
[Date "2019.04.22"]
[Round "9"]
[White "Suvorov, Alexander1111"]
[Black "Sbarra, Marco"]
[Result "0-1"]
[WhiteElo "2323"]
[BlackElo "2180"]
[PlyCount "72"]
[EventDate "2019.04.18"]
[EventType "swiss"]
[EventRounds "9"]
[EventCountry "GER"]
[SourceTitle "CBM 189 Extra"]
[Source "ChessBase"]
[SourceDate "2019.06.03"]
[SourceVersion "1"]
[SourceVersionDate "2019.06.03"]
[SourceQuality "1"]

1. d4 d5 2. c4 e6 3. Nc3 c5 4. cxd5 exd5 5. Nf3 Nc6 6. g3 Nf6 7. Bg2 Be7 8. 0-0 0-0 9. dxc5 Bxc5 10. Na4 Be7 11. Be3 Re8 12. Rc1 Bg4 13. h3 Bxf3 14. Bxf3 Qd7 15. Bg2 d4 16. Bg5 Ne4 17. Bxe7 Qxe7 18. a3 Rad8 19. Qd3 Rd6 20. b4 Re6 21. e3 Nxf2 22. Rxf2 dxe3 23. Re2 Rd6 24. Qc3 Nd4 25. Ree1 h6 26. Qc7 Qe5 27. Qxb7 Qxg3 28. Kh1 e2 29. Nc3 Rde6 30. Qd5 Nc2 31. Rxe2 Rxe2 32. Nxe2 Rxe2 33. Qa8+ Kh7 34. Rg1 f5 35. Qxa7 Ne3 36. Qc5 Rxg2 0-1

[Event "Imperia op-A 50th"]
[Site "Imperia"]
[Date "2018.09.05"]
[Round "5.3"]
[White "Legky, Nikolay A"]
[Black "Sbarra, Marco"]
[Result "1-0"]
[WhiteElo "2419"]
[BlackElo "2160"]
[PlyCount "35"]
[EventDate "2018.09.02"]
[EventType "swiss"]
[EventRounds "9"]
[EventCountry "ITA"]
[SourceTitle "EXT 2024"]
[Source "ChessBase"]
[SourceDate "2023.10.10"]
[SourceVersion "1"]
[SourceVersionDate "2023.10.10"]
[SourceQuality "1"]

1. d4 Nf6 2. c4 e6 3. Bg5 Bb4+ 4. Nd2 d5 5. Ngf3 0-0 6. e3 Nbd7 7. Bd3 h6 8. Bh4 dxc4 9. Bxc4 c5 10. a3 Bxd2+ 11. Qxd2 Ne4 12. Qc2 Nef6 13. dxc5 Nxc5 14. 0-0 Ncd7 15. Rfd1 Qa5 16. Be2 b6 17. b4 Qh5 18. Bg3 1-0

[Event "Presolana op 38th"]
[Site "Presolana"]
[Date "2018.08.18"]
[Round "1"]
[White "Maiorov, Nikita"]
[Black "Sbarra, Marco"]
[Result "1-0"]
[WhiteElo "2504"]
[BlackElo "2188"]
[PlyCount "87"]
[EventDate "2018.08.18"]
[EventType "swiss"]
[EventRounds "9"]
[EventCountry "ITA"]
[SourceTitle "CBM 186 Extra"]
[Source "ChessBase"]
[SourceDate "2018.08.24"]
[SourceVersion "1"]
[SourceVersionDate "2018.08.24"]
[SourceQuality "1"]

1. d4 Nf6 2. c4 e6 3. Nc3 Bb4 4. Qc2 d5 5. cxd5 exd5 6. Bg5 c5 7. dxc5 Be6 8. e3 Nbd7 9. Bb5 Rc8 10. Nge2 Rxc5 11. Bxd7+ Bxd7 12. 0-0 0-0 13. Qb3 Bxc3 14. Nxc3 Bc6 15. Rfd1 Re8 16. Rd4 h6 17. Bxf6 Qxf6 18. Qa3 Rc4 19. Qxa7 Kh7 20. Rf1 Re5 21. Qb6 Rg5 22. f3 Rh5 23. Rxc4 dxc4 24. Qd4 Qe7 25. Rd1 Qc7 26. Qf4 Qe7 27. Kh1 Re5 28. Re1 b5 29. a3 g5 30. Qd4 h5 31. e4 h4 32. Rf1 Qf6 33. Kg1 Qf4 34. Ne2 Qf6 35. f4 Re6 36. Qxf6 Rxf6 37. e5 Rg6 38. f5 Rh6 39. Nd4 Bd7 40. f6 Kg8 41. Rd1 g4 42. Ne2 Bf5 43. Rd8+ Kh7 44. Nf4 1-0

[Event "Pardubice Czech op-A 29th"]
[Site "Pardubice"]
[Date "2018.07.27"]
[Round "8"]
[White "Sbarra, Marco"]
[Black "Barp, Alberto"]
[Result "0-1"]
[WhiteElo "2205"]
[BlackElo "2317"]
[PlyCount "38"]
[EventDate "2018.07.20"]
[EventType "swiss"]
[EventRounds "9"]
[EventCountry "CZE"]
[SourceTitle "CBM 185 Extra"]
[Source "ChessBase"]
[SourceDate "2018.07.29"]
[SourceVersion "1"]
[SourceVersionDate "2018.07.29"]
[SourceQuality "1"]

1. e4 e5 2. Nf3 Nc6 3. Bb5 a6 4. Ba4 Nf6 5. Nc3 b5 6. Bb3 Be7 7. 0-0 d6 8. a3 Bg4 9. d3 Nd4 10. Ba2 Qd7 11. Be3 Nxf3+ 12. gxf3 Bh5 13. Nb1 Qh3 14. Nd2 d5 15. Bxd5 Nxd5 16. exd5 e4 17. dxe4 Bd6 18. Re1 Bxh2+ 19. Kh1 0-0-0 0-1

[Event "Prague Summer op 4th"]
[Site "Prague"]
[Date "2017.08.08"]
[Round "6"]
[White "Sbarra, Marco"]
[Black "Hoefelsauer, Thomas"]
[Result "1/2-1/2"]
[WhiteElo "2228"]
[BlackElo "2357"]
[PlyCount "95"]
[EventDate "2017.08.04"]
[EventType "swiss"]
[EventRounds "9"]
[EventCountry "CZE"]
[SourceTitle "CBM 179 Extra"]
[Source "ChessBase"]
[SourceDate "2017.08.23"]
[SourceVersion "1"]
[SourceVersionDate "2017.08.23"]
[SourceQuality "1"]

1. e4 c6 2. d4 d5 3. exd5 cxd5 4. c4 Nf6 5. Nc3 g6 6. Qb3 Bg7 7. cxd5 0-0 8. Nf3 Nbd7 9. a4 Nb6 10. a5 Nbxd5 11. Bc4 Nxc3 12. bxc3 Ne4 13. 0-0 Qc7 14. Re1 Nd6 15. Bf1 Bg4 16. Ne5 Be6 17. d5 Bf5 18. c4 Ne4 19. f4 h5 20. Be3 g5 21. Bd4 gxf4 22. Qb2 Nc5 23. Ra3 e6 24. Qf2 Ne4 25. Qb2 f6 26. Nf3 e5 27. Bd3 exd4 28. Bxe4 Bxe4 29. Rxe4 f5 30. Re1 Qxc4 31. Qxb7 d3 32. Qb3 Qc5+ 33. Kf1 Rad8 34. d6+ Kh8 35. Qxd3 Rxd6 36. Qb3 Qd5 37. Qxd5 Rxd5 38. a6 Rb8 39. Ra2 Rd7 40. Nh4 Bc3 41. Rc1 Bf6 42. Ng6+ Kh7 43. Nxf4 Bg5 44. Rc4 Bxf4 45. Rxf4 Kg6 46. Rc4 Rb6 47. Kf2 Rdd6 48. Rc7 1/2-1/2

[Event "Biella op-A 7th"]
[Site "Biella"]
[Date "2016.09.25"]
[Round "4.5"]
[White "Sbarra, Marco"]
[Black "Mrdja, Milan"]
[Result "0-1"]
[WhiteElo "2198"]
[BlackElo "2316"]
[PlyCount "52"]
[EventDate "2016.09.23"]
[EventType "swiss"]
[EventRounds "5"]
[EventCountry "ITA"]
[SourceTitle "EXT 2024"]
[Source "ChessBase"]
[SourceDate "2023.10.10"]
[SourceVersion "1"]
[SourceVersionDate "2023.10.10"]
[SourceQuality "1"]

1. d4 e6 2. c4 Bb4+ 3. Nc3 Nf6 4. e3 0-0 5. Bd3 c5 6. Nge2 cxd4 7. exd4 d5 8. 0-0 dxc4 9. Bxc4 Nc6 10. Bg5 Be7 11. a3 b6 12. Qd3 Bb7 13. Rad1 Rc8 14. Ba2 Rc7 15. Qh3 Na5 16. Nf4 Bc8 17. Qg3 Ne8 18. Bxe7 Rxe7 19. d5 e5 20. d6 Rd7 21. Nh5 Rxd6 22. Nd5 Kh8 23. Qxe5 Bg4 24. Rc1 Nc6 25. Rxc6 Rxc6 26. Ne7 Rc7 0-1

[Event "Amsterdam Science Park op-A"]
[Site "Amsterdam"]
[Date "2015.07.16"]
[Round "6"]
[White "Kevlishvili, Robby"]
[Black "Sbarra, Marco"]
[Result "1/2-1/2"]
[WhiteElo "2355"]
[BlackElo "2174"]
[PlyCount "119"]
[EventDate "2015.07.11"]
[EventType "swiss"]
[EventRounds "9"]
[EventCountry "NED"]
[SourceTitle "CBM 167 Extra"]
[Source "ChessBase"]
[SourceDate "2015.09.14"]
[SourceVersion "1"]
[SourceVersionDate "2015.09.14"]
[SourceQuality "1"]

1. e4 e5 2. Nf3 Nc6 3. Bb5 a6 4. Ba4 Nf6 5. 0-0 Be7 6. Re1 b5 7. Bb3 d6 8. c3 0-0 9. h3 Na5 10. Bc2 c5 11. d4 Qc7 12. Nbd2 Nc6 13. d5 Nd8 14. Nf1 Ne8 15. Ng3 g6 16. Bh6 Ng7 17. Qd2 f6 18. Nh2 Nf7 19. Be3 Bd7 20. a4 Qb7 21. Ra2 Bd8 22. Rea1 Bb6 23. Ng4 Bxg4 24. hxg4 Rfc8 25. Qe2 b4 26. a5 Ba7 27. Bd3 c4 28. Bxc4 Bxe3 29. fxe3 Nh6 30. b3 bxc3 31. Rc2 Ne8 32. Nf1 Rc5 33. Ra4 Qc7 34. Bxa6 Rxa5 35. Bb5 Rb8 36. Bc6 Rxa4 37. bxa4 Qa5 38. Qc4 Nxg4 39. Bd7 h5 40. Qxc3 Qa7 41. Bc6 f5 42. exf5 gxf5 43. Re2 Nef6 44. Re1 Ne4 45. Qc2 Qe7 46. g3 h4 47. Rb1 Rxb1 48. Qxb1 hxg3 49. Qb8+ Kg7 50. Qb7 Qxb7 51. Bxb7 f4 52. exf4 exf4 53. a5 f3 54. Bc8 Ngf6 55. a6 Nxd5 56. Bb7 Nc7 57. a7 Nc3 58. Bxf3 N3b5 59. a8Q Nxa8 60. Bxa8 1/2-1/2

[Event "Amsterdam Science Park op-A"]
[Site "Amsterdam"]
[Date "2015.07.14"]
[Round "4"]
[White "Sbarra, Marco"]
[Black "Blees, Albert"]
[Result "0-1"]
[WhiteElo "2174"]
[BlackElo "2380"]
[PlyCount "42"]
[EventDate "2015.07.11"]
[EventType "swiss"]
[EventRounds "9"]
[EventCountry "NED"]
[SourceTitle "CBM 167 Extra"]
[Source "ChessBase"]
[SourceDate "2015.09.14"]
[SourceVersion "1"]
[SourceVersionDate "2015.09.14"]
[SourceQuality "1"]

1. d4 Nf6 2. c4 g6 3. Nc3 Bg7 4. e4 d6 5. Nf3 0-0 6. Be2 Nbd7 7. Bg5 h6 8. Bh4 c5 9. d5 Nh5 10. Qd2 g5 11. Bg3 a6 12. 0-0 Qa5 13. Ne1 Nxg3 14. hxg3 b5 15. f4 gxf4 16. gxf4 bxc4 17. Nf3 Rb8 18. Rac1 Nf6 19. Nh4 Nxe4 20. Nxe4 Qxd2 21. Nxd2 Rxb2 0-1

[Event "Ceriano Laghetto op-A 24th"]
[Site "Ceriano Laghetto"]
[Date "2015.03.08"]
[Round "4"]
[White "Sbarra, Marco"]
[Black "Lapiccirella, Daniele"]
[Result "1/2-1/2"]
[WhiteElo "2169"]
[BlackElo "2228"]
[PlyCount "45"]
[EventDate "2015.03.06"]
[EventType "swiss"]
[EventRounds "5"]
[EventCountry "ITA"]
[SourceTitle "EXT 2017"]
[Source "ChessBase"]
[SourceDate "2016.10.25"]
[SourceVersion "1"]
[SourceVersionDate "2016.10.25"]
[SourceQuality "1"]

1. d4 d5 2. c4 c6 3. e3 Nf6 4. Nf3 e6 5. Nbd2 Nbd7 6. Bd3 Bd6 7. 0-0 0-0 8. e4 e5 9. cxd5 cxd5 10. exd5 exd4 11. Ne4 Nxe4 12. Bxe4 Nf6 13. Bg5 Be7 14. Bc2 Nxd5 15. Bxe7 Qxe7 16. Qxd4 Be6 17. Rfe1 Qf6 18. Qe4 g6 19. Qd4 Rfd8 20. Bb3 Kg7 21. Rac1 Nf4 22. Qxf6+ Kxf6 23. Bxe6 1/2-1/2

[Event "Ceriano Laghetto op-A 24th"]
[Site "Ceriano Laghetto"]
[Date "2015.03.06"]
[Round "1"]
[White "Moroni, Luca Jr"]
[Black "Sbarra, Marco"]
[Result "1-0"]
[WhiteElo "2415"]
[BlackElo "2169"]
[PlyCount "47"]
[EventDate "2015.03.06"]
[EventType "swiss"]
[EventRounds "5"]
[EventCountry "ITA"]
[SourceTitle "EXT 2017"]
[Source "ChessBase"]
[SourceDate "2016.10.25"]
[SourceVersion "1"]
[SourceVersionDate "2016.10.25"]
[SourceQuality "1"]

1. c4 e6 2. g3 d5 3. Bg2 dxc4 4. Qa4+ c6 5. Qxc4 e5 6. Nf3 Qa5 7. 0-0 Be6 8. Qc3 Qxc3 9. Nxc3 Nd7 10. d4 exd4 11. Nxd4 Bg4 12. h3 Bh5 13. Rd1 Bg6 14. f4 Bc5 15. e4 f6 16. Be3 Nb6 17. Bf2 Bf7 18. Nf5 Bxf2+ 19. Kxf2 Kf8 20. Nd6 Rb8 21. b4 Ne7 22. a4 Nec8 23. a5 Nc4 24. Nxc4 1-0

[Event "Paleochora op 7th"]
[Site "Paleochora"]
[Date "2014.07.24"]
[Round "5"]
[White "Sbarra, Marco"]
[Black "Pap, Misa"]
[Result "0-1"]
[WhiteElo "2237"]
[BlackElo "2514"]
[PlyCount "60"]
[EventDate "2014.07.21"]
[EventType "swiss"]
[EventRounds "9"]
[EventCountry "GRE"]
[SourceTitle "CBM 161 Extra"]
[Source "ChessBase"]
[SourceDate "2014.08.29"]
[SourceVersion "1"]
[SourceVersionDate "2014.08.29"]
[SourceQuality "1"]

1. d4 Nf6 2. c4 a6 3. Nc3 c5 4. d5 b5 5. e3 b4 6. Nce2 g6 7. Ng3 Bg7 8. e4 d6 9. f4 0-0 10. Bd3 e6 11. dxe6 Bxe6 12. Nf3 Bg4 13. 0-0 Nc6 14. h3 Bxf3 15. Qxf3 Re8 16. Kh1 Qc7 17. Be3 Nd7 18. e5 dxe5 19. Be4 Rac8 20. f5 Nd4 21. Bxd4 exd4 22. fxg6 fxg6 23. Bd5+ Kh8 24. Ne4 Rf8 25. Qg4 Nf6 26. Rxf6 Bxf6 27. Rf1 Rce8 28. h4 Bxh4 29. Rxf8+ Rxf8 30. g3 Bf6 0-1